00421nam a2200145Ia 450000100060000000800390000602000220004508200100006710000160007724500710009326000450016430000170020965300290022665300200025559679160407n ii |||gr||||Z||||||465 a978-93-80235-94-3 a572.2 aRaaman,eN. 0aExperimental Phytochemical TechniquescN.RaamanhTextual Documents aNew Delhi:bNew India Publishing Agency. a438p:c23cm. aPhytochemical Techniques aG- Life Science